[Event "Challenge"]
[Site "http://www.queenalice.com/game.php?id=922749"]
[Date "2011.4.7"]
[Round "-"]
[White "fafadu32"]
[Black "doufan"]
[Result "1/2-1/2"]
[WhiteElo "1275"]
[BlackElo "1746"]

1. e4 c5 2. Nf3 Nc6 3. Nc3 e5 4. Bb5 d6 5. d3 Bd7 6. Nd5 h6 7. Be3 Rc8 8. Bxc6
Rxc6 9. c3 Nf6 10. d4 Nxe4 11. O-O Nf6 12. Nxf6+ Qxf6 13. dxe5 Qe6 14. exd6 Rxd6
15. Qe2 Be7 16. Rfe1 b6 17. Bf4 Qxe2 18. Rxe2 Rc6 19. Rd1 Be6 20. Ne5 Rc8 21. h3
O-O 22. Nd7 Rfe8 23. a3 1/2-1/2

[Event "AUTO-OPEN-2211"]
[Site "http://www.queenalice.com/game.php?id=923430"]
[Date "2011.4.8"]
[Round "2"]
[White "Famelo"]
[Black "doufan"]
[Result "1-0"]
[WhiteElo "2108"]
[BlackElo "1781"]

1. f4 d5 2. Nf3 Nf6 3. e3 Nc6 4. d4 Bg4 5. Be2 e6 6. O-O Bd6 7. Ne5 Bxe2 8. Qxe2
O-O 9. c3 Bxe5 10. fxe5 Nd7 11. Rf3 a6 12. Nd2 b5 13. e4 Nb6 14. exd5 Nxd5 15.
Ne4 f6 16. exf6 Nxf6 17. Bg5 Qe7 18. Nxf6+ gxf6 19. Bh6 Rf7 20. Raf1 f5 21. Re3
Re8 22. d5 Nd8 23. dxe6 Nxe6 24. Re1 Qc5 25. Kf1 Rf6 26. Rg3+ Rg6 27. Qh5 Qc6
28. Rxg6+ hxg6 29. Qxg6+ Kh8 30. Bg5 Qc4+ 31. Kg1 Qc5+ 32. Kh1 Ng7 33. Rxe8+
Nxe8 34. Qxe8+ Kg7 35. Qe7+ Qxe7 36. Bxe7 Kf7 37. Bd8 c6 38. h4 Kg6 39. g3 Kh5
40. Kg2 Kg4 41. b4 1-0

[Event "AUTO-OPEN-2211"]
[Site "http://www.queenalice.com/game.php?id=923431"]
[Date "2011.4.8"]
[Round "2"]
[White "doufan"]
[Black "Famelo"]
[Result "0-1"]
[WhiteElo "1765"]
[BlackElo "2123"]

1. e4 d6 2. d4 Nf6 3. Nc3 g6 4. Nf3 Bg7 5. Bd3 Nc6 6. O-O O-O 7. Re1 Bg4 8. Be3
e5 9. d5 Nd4 10. Bxd4 exd4 11. Nb5 Nh5 12. h3 Bxf3 13. Qxf3 a6 14. Na3 c5 15.
Nc4 b5 16. Nd2 c4 17. Be2 Qf6 18. Qa3 Nf4 19. Bf3 c3 20. Nb3 Nxh3+ 21. Kf1 Ng5
22. Bg4 cxb2 23. Qxb2 Qf4 24. f3 h5 25. Bd7 Ra7 26. Bc6 Re7 27. Rad1 Nxe4 28.
Kg1 Nc3 29. Rxe7 Nxd1 30. Qc1 Qf6 31. Re4 Nc3 32. Re1 Nxa2 33. Qd2 Nc3 34. Qd3
b4 35. Qxa6 Bh6 36. Kf1 Be3 37. Qd3 Qh4 38. Rxe3 Qh1+ 39. Kf2 Nd1+ 40. Kg3 h4+
41. Kg4 Nf2+ 42. Kg5 Qxg2+ 43. Kxh4 Qh3+ 44. Kg5 Qg3+ 0-1

[Event "AUTO-OPEN-2211"]
[Site "http://www.queenalice.com/game.php?id=923436"]
[Date "2011.4.8"]
[Round "2"]
[White "doufan"]
[Black "msbasso01"]
[Result "0-1"]
[WhiteElo "1767"]
[BlackElo "2008"]

1. c4 e5 2. e4 Nf6 3. Nc3 Nc6 4. Nf3 Bb4 5. Qb3 Bc5 6. Be2 O-O 7. O-O d6 8. d3
Nd4 9. Nxd4 Bxd4 10. Bg5 h6 11. Bh4 b6 12. Nd5 g5 13. Nxf6+ Qxf6 14. Bg3 a5 15.
Rab1 c6 16. h3 Be6 17. Bf3 Bxh3 18. Qd1 Be6 19. b3 b5 20. Qd2 b4 21. Rfc1 g4 22.
Be2 Qg6 23. Rf1 f5 24. exf5 Rxf5 25. Kh1 Raf8 26. Qe1 Rh5+ 27. Kg1 Rf3 28. gxf3
gxf3 29. Bxf3 Qxg3+ 0-1

[Event "AUTO-OPEN-2211"]
[Site "http://www.queenalice.com/game.php?id=923437"]
[Date "2011.4.8"]
[Round "2"]
[White "msbasso01"]
[Black "doufan"]
[Result "1-0"]
[WhiteElo "2056"]
[BlackElo "1830"]

1. e4 e5 2. Nf3 Nc6 3. Bc4 Nf6 4. Ng5 d5 5. exd5 Nxd5 6. d3 Be7 7. Ne4 O-O 8.
Nbc3 Nxc3 9. Nxc3 Nd4 10. Be3 c6 11. O-O Be6 12. Bxe6 Nxe6 13. h3 f5 14. a3 f4
15. Bd2 Rf5 16. Ne4 Ng5 17. Qg4 Qf8 18. Rae1 Nxe4 19. Rxe4 Qf7 20. Rfe1 Rg5 21.
Qf3 Bd6 22. Bc3 Re8 23. d4 Qf6 24. dxe5 Bxe5 25. h4 Rf5 26. Qe2 Qxh4 27. Qc4+
Kh8 28. Rxe5 Rfxe5 29. Rxe5 Rxe5 30. Bxe5 Qd8 31. Qxf4 Qd1+ 32. Kh2 Qh5+ 33. Kg3
Qg6+ 34. Kf3 Qh5+ 35. Qg4 Qf7+ 36. Kg3 h6 37. f3 Kh7 38. Qe4+ Qg6+ 39. Qxg6+
Kxg6 40. Kg4 b6 41. c4 1-0

[Event "Challenge"]
[Site "http://www.queenalice.com/game.php?id=927048"]
[Date "2011.4.17"]
[Round "-"]
[White "piemme"]
[Black "doufan"]
[Result "0-1"]
[WhiteElo "1732"]
[BlackElo "1724"]

1. e4 e5 2. Bc4 Nf6 3. Nf3 Nc6 4. Ng5 d5 5. exd5 Nxd5 6. Qf3 Qxg5 7. Bxd5 Nd8 8.
d3 Qxc1+ 9. Qd1 Qxb2 10. O-O Qxa1 0-1

[Event "AUTO-ADV-2132"]
[Site "http://www.queenalice.com/game.php?id=927529"]
[Date "2011.4.19"]
[Round "1"]
[White "toomuchreading"]
[Black "doufan"]
[Result "1-0"]
[WhiteElo "1918"]
[BlackElo "1778"]

1. e3 e5 2. d4 exd4 3. exd4 d5 4. Qe2+ Qe7 5. Qxe7+ Bxe7 6. c4 dxc4 7. Bxc4 Nf6
8. Bg5 O-O 9. Ne2 Nc6 10. O-O Bg4 11. f3 Bh5 12. g4 Bg6 13. a3 Rad8 14. Rd1 Bc5
15. b4 Nxd4 16. Kg2 Nc2 17. Rxd8 Rxd8 18. Ra2 Ne3+ 19. Bxe3 Bxe3 20. Nbc3 Kf8
21. Nb5 c6 22. Nbc3 Nd7 23. h4 Ne5 24. Bb3 1-0

[Event "AUTO-ADV-2132"]
[Site "http://www.queenalice.com/game.php?id=927530"]
[Date "2011.4.19"]
[Round "1"]
[White "doufan"]
[Black "toomuchreading"]
[Result "1/2-1/2"]
[WhiteElo "1830"]
[BlackElo "1890"]

1. c4 e6 2. e4 d5 3. exd5 exd5 4. Nf3 d4 5. d3 Bb4+ 6. Nbd2 Bg4 7. Be2 Nf6 8.
O-O O-O 9. a3 Bd6 10. b4 c5 11. bxc5 Bxc5 12. Rb1 b6 13. Nb3 Nc6 14. Nxc5 bxc5
15. Bg5 h6 16. Bh4 a5 17. Rb5 Qd6 18. Bg3 Qe7 19. Re1 a4 20. Qd2 Rae8 21. Bd1
Qa7 22. Bd6 Rxe1+ 23. Nxe1 Re8 24. Bxc5 Qa8 25. Nf3 Rb8 26. Rxb8+ Qxb8 27. Nxd4
Nxd4 28. Bxd4 Qb1 29. f3 Bf5 30. Kf2 Bxd3 31. Be2 Bxe2 32. Qxe2 Qc1 33. Bc5 Qg5
34. Be7 Qh4+ 35. Kg1 Qd4+ 36. Kf1 1/2-1/2

[Event "AUTO-ADV-2132"]
[Site "http://www.queenalice.com/game.php?id=927543"]
[Date "2011.4.19"]
[Round "1"]
[White "allgambits"]
[Black "doufan"]
[Result "0-1"]
[WhiteElo "1734"]
[BlackElo "1775"]

1. d4 d5 2. c4 e6 3. e3 Nf6 4. Nf3 Nc6 5. Nc3 Bb4 6. Bd2 O-O 7. cxd5 Nxd5 8. Bd3
a6 9. Nxd5 Bxd2+ 10. Qxd2 Qxd5 11. O-O Re8 12. Qc2 g6 13. a3 Re7 14. Bc4 Qh5 15.
Qe4 Qf5 16. Qh4 Kg7 17. Ne5 f6 18. Nf3 b5 19. Bb3 Bb7 20. Rac1 Rd8 21. Rc5 e5
22. Bc2 Qe6 23. Be4 exd4 24. Rfc1 Qxe4 25. Qg3 dxe3 26. fxe3 Qxe3+ 27. Kh1 Rd1+
28. Rxd1 Qxc5 29. h3 Ne5 30. Nh4 Nc4 31. b4 Qe5 32. Qg4 Ne3 0-1

[Event "AUTO-ADV-2132"]
[Site "http://www.queenalice.com/game.php?id=927544"]
[Date "2011.4.19"]
[Round "1"]
[White "doufan"]
[Black "allgambits"]
[Result "1-0"]
[WhiteElo "1789"]
[BlackElo "1711"]

1. c4 e5 2. e4 Nf6 3. Nc3 Bc5 4. Nf3 Ng4 5. d4 exd4 6. Nxd4 d6 7. g3 Qf6 8. Be3
Nc6 9. Nf5 Bxf5 10. exf5 Bxe3 11. fxe3 Qxf5 12. Qe2 Nb4 13. Rc1 O-O 14. e4 Qg5
15. Kd1 Ne3+ 16. Ke1 Nxf1 17. Rxf1 Qxc1+ 18. Kf2 Qg5 19. Kg2 Nc6 20. b3 f5 21.
h4 Qg6 22. Nd5 Qf7 23. Rxf5 Qd7 24. Ne3 Rfe8 25. Qg4 Qe7 26. Rf4 Nd4 27. Nd5 Qe6
28. Qg5 Nf5 29. Rxf5 Qxe4+ 30. Kh3 1-0

[Event "AUTO-ADV-2132"]
[Site "http://www.queenalice.com/game.php?id=927551"]
[Date "2011.4.19"]
[Round "1"]
[White "esdiniz"]
[Black "doufan"]
[Result "1/2-1/2"]
[WhiteElo "1880"]
[BlackElo "1826"]

1. b4 e5 2. Bb2 Bxb4 3. Bxe5 Nf6 4. Nf3 O-O 5. e3 Nc6 6. Bb2 d6 7. Be2 Re8 8.
O-O d5 9. d4 Ne4 10. Nbd2 Qf6 11. c4 Nxd2 12. Nxd2 Qg6 13. cxd5 Ne7 14. Bf3 Bd7
15. Bh5 Qg5 16. Ne4 Qxd5 17. Bf3 Qb5 18. Nc3 Qa5 19. Ne4 Ba4 20. Qc1 Rab8 21.
Nc3 Bc6 22. Bxc6 Nxc6 23. a3 Bd6 24. Ne2 Qg5 25. Ng3 Ne7 26. Qc2 Nd5 27. Bc1
Bxg3 28. hxg3 Qe7 29. Bd2 Qe4 30. Qxe4 Rxe4 31. a4 Kf8 32. Rab1 Re7 33. Rfc1 Ke8
1/2-1/2

[Event "AUTO-ADV-2132"]
[Site "http://www.queenalice.com/game.php?id=927552"]
[Date "2011.4.19"]
[Round "1"]
[White "doufan"]
[Black "esdiniz"]
[Result "1/2-1/2"]
[WhiteElo "1823"]
[BlackElo "1894"]

1. c4 Nf6 2. Nc3 b6 3. Nf3 e6 4. e4 Bb7 5. Qc2 Bb4 6. Bd3 d6 7. Qa4+ Nc6 8. O-O
O-O 9. Ne2 Bc5 10. Qc2 e5 11. Ng3 Qd7 12. Be2 Ne7 13. d3 Ng4 14. h3 Nxf2 15.
Rxf2 Bxf2+ 16. Kxf2 f5 17. Bd2 fxe4 18. dxe4 Ng6 19. Kg1 Nf4 20. Bxf4 exf4 21.
Nf5 Bxe4 22. Qxe4 Qxf5 23. Qd4 Rae8 24. Bd3 Qh5 25. Re1 Rxe1+ 26. Nxe1 Re8 27.
Nf3 Qa5 28. Qxf4 Qxa2 29. Qh4 h6 30. Bg6 Rf8 31. Qd4 Qa5 32. Kh2 Rf6 33. Qe4 Qa4
34. Be8 Qd1 35. Bc6 1/2-1/2

[Event "Challenge"]
[Site "http://www.queenalice.com/game.php?id=955695"]
[Date "2011.7.1"]
[Round "-"]
[White "doufan"]
[Black "Cosette"]
[Result "1-0"]
[WhiteElo "1828"]
[BlackElo "1318"]

1. c4 e5 2. e4 d6 3. Nc3 c5 4. Nf3 Bg4 5. Be2 Bxf3 6. Bxf3 Nc6 7. Qa4 Nf6 8. O-O
g5 9. d3 g4 10. Be2 h5 11. Nd5 Nd7 12. Bd2 Qh4 13. Nc7+ Ke7 14. Nxa8 Bh6 15.
Bxh6 Rxh6 16. Nc7 Nf6 17. Nd5+ Nxd5 18. cxd5 Nd4 19. Rae1 g3 20. fxg3 Qg5 21.
Qxa7 Kf8 22. Bd1 h4 23. Qxb7 Rh7 24. Qd7 hxg3 25. h3 Qd2 26. Bh5 Kg8 27. Qe8+
1-0

[Event "France-Brésil (1)"]
[Site "http://www.queenalice.com/game.php?id=962779"]
[Date "2011.7.20"]
[Round "-"]
[White "doufan"]
[Black "chyco"]
[Result "1-0"]
[WhiteElo "1834"]
[BlackElo "1676"]

1. c4 e5 2. Nf3 e4 3. Nd4 Bb4 4. e3 c5 5. Nf5 g6 6. Nd6+ Kf8 7. Nxe4 b6 8. b3
Bb7 9. Qc2 Qe7 10. Ng3 Nf6 11. f3 Nh5 12. Bd3 Qd6 13. Ne4 Qe7 14. O-O Nc6 15.
Bb2 Rg8 16. Nbc3 Ne5 17. Be2 Ba5 18. Nb5 Nc6 19. a3 d6 20. Nbxd6 f5 21. Nxb7
Qxb7 22. Ng5 Qc7 23. Ne6+ Kf7 24. Nxc7 Rad8 25. Nd5 Rd7 26. Bd3 Re8 27. e4 Re6
28. exf5 Re8 29. fxg6+ Kg8 30. gxh7+ Rxh7 31. Bxh7+ Kf8 32. Qf5+ 1-0

[Event "Brasil-França"]
[Site "http://www.queenalice.com/game.php?id=962780"]
[Date "2011.7.20"]
[Round "-"]
[White "chyco"]
[Black "doufan"]
[Result "0-1"]
[WhiteElo "1631"]
[BlackElo "1859"]

1. e4 e5 2. Bc4 Nf6 3. d3 Bb4+ 4. c3 Ba5 5. Qf3 O-O 6. Qg3 d6 7. Bh6 Nh5 8. Qf3
gxh6 9. Qxh5 Qf6 10. Nf3 Be6 11. Bxe6 Qxe6 12. Nh4 Kh8 13. Nf5 Qg6 14. Qh3 Nd7
15. Nxh6 Nf6 16. Nd2 Ng8 17. Nf5 Rad8 18. O-O d5 19. g4 c6 20. Nb3 Bb6 21. Qf3
Nf6 22. h3 Rd7 23. Nh4 Qg5 24. a4 Qxh4 25. Kh2 Rg8 26. Rg1 Qxf2+ 27. Qxf2 Bxf2
28. Rgf1 Bh4 29. Nc5 Re7 30. exd5 Nxd5 31. a5 Nf4 32. Ne4 Nxd3 33. b4 Rd8 34.
Rad1 Red7 35. Rf5 f6 36. Rh5 Nf2 37. Rxd7 Rxd7 38. Nxf2 Bxf2 39. Rh6 Rd2 40.
Rxf6 Bh4+ 0-1

[Event "Challenge"]
[Site "http://www.queenalice.com/game.php?id=967954"]
[Date "2011.8.2"]
[Round "-"]
[White "doufan"]
[Black "Cosette"]
[Result "1-0"]
[WhiteElo "1828"]
[BlackElo "1305"]

1. c4 c5 2. Nf3 f6 3. Nc3 a6 4. g3 f5 5. Bg2 Nf6 6. O-O Ng4 7. Qc2 h5 8. Qxf5 d6
9. Qg6+ Kd7 10. Ng5 Rh6 11. Qf5+ Kc7 12. Nd5+ Kc6 13. Nxe7+ Kb6 14. Nxc8+ Kc7
15. Nxd6 Qxd6 16. Nf7 Qd7 17. Qxd7+ Nxd7 18. Nxh6 gxh6 19. d3 h4 20. Bh3 h5 21.
f3 Nge5 22. Bf4 Re8 23. Bxd7 Kxd7 24. Bxe5 Rxe5 25. e4 hxg3 26. f4 gxh2+ 27.
Kxh2 Re7 28. Rg1 Bh6 29. Raf1 Kc7 30. f5 Kb6 31. Rg6+ Ka5 32. Rxh6 Rg7 33. Rxh5
Kb4 34. f6 Rf7 35. e5 a5 36. e6 Rc7 37. f7 1-0

[Event "Challenge"]
[Site "http://www.queenalice.com/game.php?id=967955"]
[Date "2011.8.2"]
[Round "-"]
[White "Cosette"]
[Black "doufan"]
[Result "0-1"]
[WhiteElo "1414"]
[BlackElo "1832"]

1. e4 e5 2. Bc4 Nf6 3. f3 Bc5 4. Ne2 O-O 5. d3 Nc6 6. g4 d6 7. h4 d5 8. exd5
Nxd5 9. Bxd5 Qxd5 10. Rf1 Nd4 11. Nbc3 Nxf3+ 12. Rxf3 Qxf3 13. Ng1 Qxd1+ 14.
Kxd1 Bxg1 15. Ne4 Bxg4+ 16. Ke1 f5 17. Ng3 f4 18. Ne4 Rae8 19. Kf1 Bd4 20. Rb1
Rf5 21. Ng5 h6 22. Ne4 Rh5 23. c3 Bb6 24. Nf2 Bxf2 25. Kxf2 Rxh4 26. b4 Rh3 27.
Ke1 Rxd3 28. Bb2 e4 29. c4 Red8 30. a4 Rd1+ 31. Rxd1 Rxd1+ 32. Kf2 e3+ 0-1

[Event "Challenge"]
[Site "http://www.queenalice.com/game.php?id=977441"]
[Date "2011.8.26"]
[Round "-"]
[White "filomenos"]
[Black "doufan"]
[Result "1/2-1/2"]
[WhiteElo "1829"]
[BlackElo "1860"]

1. d4 d5 2. g3 Nf6 3. Bg2 b6 4. Nf3 Nc6 5. c3 e6 6. Bg5 Be7 7. Nbd2 O-O 8. O-O
Ne4 9. Bxe7 Nxe7 10. Nxe4 dxe4 11. Nd2 f5 12. f3 exf3 13. exf3 Bb7 14. Nc4 Ng6
15. Re1 Re8 16. Qc2 f4 17. Re2 Qf6 18. Qd3 Rad8 19. Qc2 Re7 20. Rae1 Rde8
1/2-1/2

[Event "Challenge"]
[Site "http://www.queenalice.com/game.php?id=977445"]
[Date "2011.8.26"]
[Round "-"]
[White "doufan"]
[Black "filomenos"]
[Result "1-0"]
[WhiteElo "1844"]
[BlackElo "1845"]

1. c4 g6 2. Nf3 Bg7 3. d4 Nf6 4. Bf4 d5 5. e3 Bg4 6. Be2 c6 7. O-O O-O 8. Nc3
dxc4 9. Bxc4 Nbd7 10. d5 cxd5 11. Nxd5 Nxd5 12. Bxd5 Qb6 13. Bb3 Nf6 14. Rc1
Rfd8 15. Qe2 Ne4 16. Bc7 Bxf3 17. Qxf3 Nd2 18. Qxf7+ 1-0